5 światowych stolic na mapie w 25 sekund - Statystyki

Ogólne statystyki
  • Ten quiz został rozwiązany 98 razy
  • Średni wynik to 2 z 5
Odpowiedzi na mapie
Odpowiedzi zakodowano w zielono-czerwonej skali na mapie do tego quizu, zgodnie z poniższymi procentami.
 
Statystyki odpowiedzi
stolica % Poprawnych
Abudża
100%
Algier
100%
Andora
100%
Ankara
100%
Ateny
100%
Berno
100%
Bissau
100%
Bratysława
100%
Bruksela
100%
Budapeszt
100%
Bukareszt
100%
Caracas
100%
Dakar
100%
Doha
100%
Dżakarta
100%
Dżibuti
100%
Georgetown
100%
Kabul
100%
Kijów
100%
Lizbona
100%
Londyn
100%
Lublana
100%
Luksemburg
100%
Lusaka
100%
Madryt
100%
Male
100%
Mińsk
100%
Monako
100%
Moskwa
100%
Oslo
100%
Paryż
100%
Pekin
100%
Praga
100%
Rabat
100%
Ryga
100%
Rzym | Watykan
100%
San Marino
100%
Santo Domingo
100%
Sarajewo
100%
Tirana
100%
Tokio
100%
Warszawa
100%
Waszyngton
100%
Wiedeń
100%
Zagrzeb
100%
Berlin
80%
Damaszek
75%
Kopenhaga
67%
Nairobi
67%
Sofia
67%
Bandżul
50%
Chartum
50%
Dhaka
50%
Helsinki
50%
Maskat
50%
Meksyk
50%
Montevideo
50%
Nikozja
50%
Nur-Sułtan
50%
Panama
50%
Pjongjang
50%
Port Moresby
50%
Rijad
50%
Sztokholm
50%
Tajpej
50%
Tallinn
50%
Teheran
50%
Valletta
50%
Wilno
50%
Bangi
33%
Dili
33%
Manama
33%
Port-of-Spain
33%
Tbilisi
33%
Colombo
25%
Abu Zabi
0%
Addis Abeba
0%
Akra
0%
Amman
0%
Amsterdam
0%
Antananarywa
0%
Apia
0%
Asmara
0%
Asunción
0%
Aszchabad
0%
Bagdad
0%
Baku
0%
Bamako
0%
Bandar Seri Begawan
0%
Bangkok
0%
Basseterre
0%
Bejrut
0%
Belgrad
0%
Belmopan
0%
Biszkek
0%
Bogota
0%
Brasília
0%
Brazzaville
0%
Bridgetown
0%
Buenos Aires
0%
Canberra
0%
Castries
0%
Dodoma
0%
Dublin
0%
Duszanbe
0%
Dżuba
0%
Erywań
0%
Freetown
0%
Funafuti
0%
Gaborone
0%
Gitega
0%
Gwatemala
0%
Hanoi
0%
Harare
0%
Hawana
0%
Honiara
0%
Islamabad
0%
Jamusukro
0%
Jaunde
0%
Jerozolima
0%
Kair
0%
Kampala
0%
Katmandu
0%
Kigali
0%
Kingston
0%
Kingstown
0%
Kinszasa
0%
Kiszyniów
0%
Konakry
0%
Kuala Lumpur
0%
Kuwejt
0%
La Paz lub Sucre
0%
Libreville
0%
Lilongwe
0%
Lima
0%
Lomé
0%
Luanda
0%
Majuro
0%
Malabo
0%
Managua
0%
Manila
0%
Maputo
0%
Maseru
0%
Mbabane
0%
Mogadiszu
0%
Monrovia
0%
Moroni
0%
Nassau
0%
Nawakszut
0%
Naypyidaw
0%
Ndżamena
0%
Ngerulmud
0%
Niamey
0%
Nowe Delhi
0%
Nuku'alofa
0%
Ottawa
0%
Palikir
0%
Paramaribo
0%
Phnom Penh
0%
Podgorica
0%
Port-au-Prince
0%
Port Louis
0%
Porto-Novo lub Cotonou
0%
Port Vila
0%
Praia
0%
Pretoria, Kapsztad lub Bloemfontein
0%
Prisztina
0%
Quito
0%
Reykjavík
0%
Roseau
0%
Saint George's
0%
Saint John’s
0%
Sana
0%
San José
0%
San Salvador
0%
Santiago
0%
São Tomé
0%
Seul
0%
Singapur
0%
Skopje
0%
Suva
0%
Tarawa
0%
Taszkent
0%
Tegucigalpa
0%
Thimphu
0%
Trypolis
0%
Tunis
0%
Ułan Bator
0%
Vaduz
0%
Victoria
0%
Wagadugu
0%
Wellington
0%
Wientian
0%
Windhuk
0%
Yaren
0%
Nie znaleziono quizów pasujących do podanych kryteriów
Rozkład punktacji
Procent ludzi z każdym wynikiem
Percentyl według liczby udzielonych odpowiedzi
Twoja historia wyników
Nie rozwiązałeś tego quizu